|
|
|
|
| LEADER |
00000nam0a2200000 4500 |
| 001 |
286632 |
| 005 |
20231101235918.0 |
| 035 |
|
|
|a (RuTPU)RU\TPU\book\310956
|
| 090 |
|
|
|a 286632
|
| 100 |
|
|
|a 20150306d1970 km y0rusy50 ca
|
| 101 |
0 |
|
|a rus
|
| 102 |
|
|
|a RU
|
| 105 |
|
|
|a a z 001zy
|
| 200 |
1 |
|
|a Автоматизация установок разделения газов методом глубокого охлаждения
|f А. Д. Крючков
|
| 210 |
|
|
|a Ленинград
|c Химия
|d 1970
|
| 215 |
|
|
|a 296 с.
|c ил.
|
| 320 |
|
|
|a Библиогр.: с. 293-295
|
| 606 |
1 |
|
|a Газовые смеси
|x Разделение
|2 stltpush
|3 (RuTPU)RU\TPU\subj\32874
|9 55279
|
| 606 |
1 |
|
|a Газы
|x Сжижение и разделение
|x Экономическая эффективность
|x Химическая технология
|2 stltpush
|3 (RuTPU)RU\TPU\subj\5335
|9 33440
|
| 610 |
1 |
|
|a низкотемпературное разделение
|
| 610 |
1 |
|
|a оборудование
|
| 610 |
1 |
|
|a машины
|
| 610 |
1 |
|
|a автоматизация
|
| 610 |
1 |
|
|a системы регулирования
|
| 610 |
1 |
|
|a расчет
|
| 675 |
|
|
|a 661.91
|v 3
|
| 675 |
|
|
|a 621.59
|v 3
|
| 700 |
|
1 |
|a Крючков
|b А. Д.
|g Абрам Давидович
|
| 801 |
|
1 |
|a RU
|b 63413507
|c 20150306
|
| 801 |
|
2 |
|a RU
|b 63413507
|c 20170411
|g RCR
|
| 942 |
|
|
|c BK
|